Ancient Korean Tribal States - Statistics

General Stats
  • This quiz has been taken 5 times
  • The average score is 3 of 8
Answer Stats
Answer % Correct
Buyeo
100%
Goguryeo
80%
Jinhan
40%
Mahan
40%
Okjeo
40%
Byeonhan
20%
Dongye
20%
Ancient Joseon
0%
No matching quizzes found
Score Distribution
Percent of People with Each Score
Percentile by Number Answered
Your Score History
You have not taken this quiz